Impact of Site on Wheat Cultivation / (Record no. 47725)

MARC details
000 -LEADER
fixed length control field 00507nam a22001937a 4500
003 - CONTROL NUMBER IDENTIFIER
control field OSt
008 - FIXED-LENGTH DATA ELEMENTS--GENERAL INFORMATION
fixed length control field 250320b |||||||| |||| 00| 0 eng d
082 ## - DEWEY DECIMAL CLASSIFICATION NUMBER
Classification number 633.11
Item number S48I
100 ## - MAIN ENTRY--PERSONAL NAME
Personal name Sinha, Birendra Kumar.
245 ## - TITLE STATEMENT
Title Impact of Site on Wheat Cultivation /
Statement of responsibility, etc. by Birendra Kumar Sinha
260 ## - PUBLICATION, DISTRIBUTION, ETC. (IMPRINT)
Place of publication, distribution, etc .- Dholi, Muzaffarpur
Name of publisher, distributor, etc : TCA
Date of publication, distribution, etc , 1977
300 ## - PHYSICAL DESCRIPTION
Extent 60p.
502 ## - DISSERTATION NOTE
Degree type M.Sc.
650 ## - SUBJECT ADDED ENTRY--TOPICAL TERM
Topical term or geographic name as entry element Extension Education
650 ## - SUBJECT ADDED ENTRY--TOPICAL TERM
Topical term or geographic name as entry element Wheat- Cultivation
650 ## - SUBJECT ADDED ENTRY--TOPICAL TERM
Topical term or geographic name as entry element Thesis
650 ## - SUBJECT ADDED ENTRY--TOPICAL TERM
Topical term or geographic name as entry element M.Sc.
942 ## - ADDED ENTRY ELEMENTS (KOHA)
Source of classification or shelving scheme
Koha item type Thesis
Holdings
Withdrawn status Lost status Source of classification or shelving scheme Damaged status Not for loan Home library Current library Date acquired Total Checkouts Full call number Barcode Date last seen Bill Date Koha item type
          Dr. Rajendra Prasad Central Agricultural University Pusa, Dr. Rajendra Prasad Central Agricultural University Pusa, 20/03/2025   633.11 S48I 32016 20/03/2025   Thesis
Hosted, Implemented, Customized & Maintained by: BestBookBuddies

Powered by Koha